| 000 | 00930nam0a22002531 4500 | ||
|---|---|---|---|
| 001 | rc\3014147 | ||
| 005 | 20250806201127.0 | ||
| 035 | _a(NLR Aleph) 007156504 | ||
| 090 |
_a5790 _c5790 |
||
| 100 | _a20110925d1945 u y0rusy50 ca | ||
| 101 | 0 | _arus | |
| 102 | _aRU | ||
| 105 | _ay z ||||| | ||
| 200 | 1 |
_aРодина знает о твоих муках _fМ. Вистинецкий _gУпр. Уполномоченного Совнаркома СССР по делам репатриации сов. граждан |
|
| 210 |
_a[Москва] _cВоен. изд-во _d1945 _gтип. им. Тимошенко |
||
| 215 |
_a31 с. _d14 см |
||
| 700 | 1 |
_aВистин _bМ.А. _gМарк Аркадьевич |
|
| 801 | 0 |
_aRU _bNLR _gpsbo |
|
| 801 | 1 |
_aRU _bELAR _2rusmarc |
|
| 852 |
_aNLR _jИр50 Г-2/865 |
||
| 942 | _cBOOK | ||
| 945 | _aРоссийская национальная библиотека | ||
| 980 | _aNB | ||
| 980 | _aBV | ||